01125 a2200169 4500003000500000005001700005010001200022020001500034040000900049082001600058100001500074245009000089260004500179300000900224505067100233650005100904Nust20221226110428.0 a9924750 a9812531610 cNust a621.392,CHA aChang, K.C aDigital systems design with VHDL and synthesis :ban integrated approach /cK.C.Chang aWashingtonbIEEE computer societyc1999. a499p aIntroduction (Page-1), VHDL and digital circuit primitives (Page-4), VHDL simulation and synthesis environment and design process (Page-32), Basic combinational circuits (Page-53), Basic binary arithmetic circuits (Page-91), Basic sequential circuits (Page-143), Registers (Page-187), Clock and reset circuits (Page-222), Dual port ram,fifo and dram modeling (Page-251), A design case study :finite impulse response filter asic design (Page-288), A design case study a microprogram controller design (Page-341),,Error detection and correction (Page-390), Fixed point multiplication (Page-408), Ffixed point division (Page-445), Floating -point arithmetic (Page-467). aDigital systems design with VHDL and synthesis